00730nam a2200229 a 4500001001300000003000900013005001700022008004100039020002300080082001700103100001800120245007900138260004100217300000900258500003500267650003000302700001800332902000800350942000700358952011800365999001700483nice12345678IN_TiNIC20260116014456.0070412s2005 newa grp 000 0 eng  a0761933387 c38000a303.625bPUN aPuniyani, Ram aReligion, Power and Violenceb Expression of Politics in Contemporary Time aNew Delhi bSage Publications c2005 a332p aincludes index and biblioraphy aViolence-Religious Aspcts1 aPuniyani, Ram bSRS cBK 001040708StackRoom-aHMIbHMId2011-01-31g380.00l0o303.625 PUNp021831r2011-01-31v380.00w2007-04-12yBK c15524d15524